000
00301nam a22001217a 4500
020
_a
0-201-55070-9
082
_a
005.133-FP OLY'D
100
_a
OLYMPIA, P.L, KATHY, CEA
_9
67382
245
_a
DEVELOPING FOXPRO APPLICATIONS
260
_a
NEWYORK
_b
ADDISON WESLEY
_c
1990
300
_a
434P
942
_c
BK
999
_c
575178
_d
575178